|
|
|
|
| LEADER |
00000cam a2200000 a 4500 |
| 001 |
vtls001289297 |
| 003 |
SK-MaSNL |
| 005 |
20260301155415.0 |
| 008 |
240226s1972 xo oablfrn 000 0 hun |
| 015 |
|
|
|a SNBA1972
|
| 020 |
|
|
|q (viazané)
|
| 035 |
|
|
|a SNK000240917
|
| 035 |
|
|
|a 38044FA4-CE58-4DD9-B15D-9B7EC2781529
|
| 035 |
|
|
|a urn:nbn:sk:snk-am00ibve
|
| 035 |
|
|
|a E0A11F5C-B36B-44E5-A289-D808050778DB
|
| 035 |
|
|
|a urn:nbn:sk:snk-am00iibj
|
| 040 |
|
|
|a SNK
|b slo
|c SNK
|e AACR2
|
| 041 |
0 |
|
|a hun
|b rus
|b ger
|
| 043 |
|
|
|a e-xo---
|
| 044 |
|
|
|a xo
|c SK
|
| 072 |
|
7 |
|a 913(437)
|x Geografia Česka a Slovenska, reálie, cestovanie
|2 konspekt
|
| 080 |
|
|
|a 91
|2 2011
|
| 080 |
|
|
|a 551.4
|2 2011
|
| 080 |
|
|
|a 553.068.5
|2 2011
|
| 080 |
|
|
|a (043.3)
|2 2011
|
| 100 |
1 |
|
|a Szabadi, János
|4 aut
|9 271676
|
| 245 |
1 |
2 |
|a A Csallóköz természeti képe
|b áttekintö regionális földrajzi értekezés
|c János Szabadi ; [resumé do nemčiny a ruštiny preložil Štefan Horváth]
|
| 246 |
3 |
1 |
|a Prírodný ráz Žitného ostrova
|
| 250 |
|
|
|a 1. vyd.
|
| 260 |
|
|
|a Bratislava
|b Slovenské pedagogické nakladateľstvo
|c 1972
|
| 300 |
|
|
|a 313 strán, [9] mapových príloh
|b diagramy, fotografie, ilustrácie, mapy, tabuľky
|c 24 cm
|e 9 máp
|
| 366 |
|
|
|e 374 kusov
|
| 490 |
1 |
|
|a Štúdie Pedagogickej fakulty v Nitre, katedra geografie. Prírodné vedy
|v 2
|
| 500 |
|
|
|a Skratky. Opravy. Vysvetlivky
|
| 500 |
|
|
|a Vyšlo pre pedagogickú fakultu v Nitre
|
| 504 |
|
|
|a Obsahuje bibliografické odkazy
|
| 546 |
|
|
|a Nemecké a ruské resumé
|
| 650 |
0 |
7 |
|a geografia
|2 SNKPH
|9 823
|
| 650 |
0 |
7 |
|a geomorfológia
|2 SNKPH
|9 22491
|
| 650 |
0 |
7 |
|a ryžovanie zlata
|2 SNKPH
|9 58080
|
| 651 |
|
7 |
|a Žitný ostrov (Slovensko)
|2 SNKPHgeo
|9 18362
|
| 655 |
|
7 |
|a dizertácie
|2 SNKPH
|9 70277
|
| 700 |
1 |
|
|a Horváth, Štefan,
|d 1920-1986
|4 trl
|9 178597
|
| 830 |
|
0 |
|a Štúdie Pedagogickej fakulty v Nitre, katedra geografie
|9 519614
|
| 852 |
|
|
|a Slovenská národná knižnica
|
| 954 |
|
|
|a odborná, vedecká literatúra cudzojazyčná (svetová)
|2 lita
|
| 958 |
|
|
|a RK
|
| 958 |
|
|
|a TL
|
| 958 |
|
|
|a HU
|
| 958 |
|
|
|a OND
|
| 958 |
|
|
|a NB
|
| 958 |
|
|
|a EUIPO
|
| 999 |
|
|
|c 800855
|d 802785
|
| 952 |
|
|
|a SNK
|b SNK
|y VYP
|7 0
|p 17A1348771
|o snkSC 30925/príl. D1
|i snkKSP 2737/73
|3 Príloha: 9 ks máp
|z Príloha: 9 ks máp
|0 0
|1 0
|4 0
|d 2023-06-14
|l 0
|r 2026-02-24 02:06:55
|w 2026-02-24
|
| 952 |
|
|
|a SNK
|b SNK
|y VYP
|7 0
|p 17A0071584
|o snkSC 30925 D1
|i snkKSP 2737/73
|3 Obsahuje prílohu: 9 ks máp
|z Obsahuje prílohu: 9 ks máp
|0 0
|1 0
|4 0
|d 1997-06-04
|l 0
|r 2005-01-02 00:00:00
|w 2026-02-24
|
| 952 |
|
|
|a SNK
|b SNK
|y PREZ
|7 0
|p 17A1165365
|o snkSC 30925/príl.
|i snkKSP 2736/73
|0 0
|1 0
|4 0
|d 2022-04-05
|f 1
|l 0
|r 2025-09-26 00:00:00
|w 2026-02-24
|
| 952 |
|
|
|a SNK
|b SNK
|y PREZ
|7 0
|p 17A0929048
|o snkSC 30925
|i snkKSP 2736/73
|z Príloha: 9 máp
|0 0
|1 0
|4 0
|d 2012-09-26
|f 1
|l 0
|r 2025-09-26 00:00:00
|w 2026-02-24
|